Le Corbusier, an analysis of form / (Record no. 353744)

000 -LEADER
fixed length control field 00840pam a2200265 a 4500
001 - CONTROL NUMBER
control field 2349910
003 - CONTROL NUMBER IDENTIFIER
control field OSt
005 - DATE AND TIME OF LATEST TRANSACTION
control field 20180116192416.0
008 - FIXED-LENGTH DATA ELEMENTS--GENERAL INFORMATION
fixed length control field 830323s1984 enka 000 0 eng
010 ## - LIBRARY OF CONGRESS CONTROL NUMBER
LC control number 83006931
020 ## - INTERNATIONAL STANDARD BOOK NUMBER
International Standard Book Number 9780419161202
020 ## - INTERNATIONAL STANDARD BOOK NUMBER
International Standard Book Number 0419161201 (pbk.)
040 ## - CATALOGING SOURCE
Original cataloging agency DLC
Transcribing agency DLC
Modifying agency DLC
050 00 - LIBRARY OF CONGRESS CALL NUMBER
Classification number NA1053.J4
Item number B3 1984
082 00 - DEWEY DECIMAL CLASSIFICATION NUMBER
Classification number 720.924
Edition number 19
100 1# - MAIN ENTRY--PERSONAL NAME
Personal name Baker, Geoffrey H.
Fuller form of name (Geoffrey Howard)
9 (RLIN) 6730
245 10 - TITLE STATEMENT
Title Le Corbusier, an analysis of form /
Statement of responsibility, etc. Geoffrey H. Baker.
250 ## - EDITION STATEMENT
Edition statement 3rd ed.
260 ## - PUBLICATION, DISTRIBUTION, ETC.
Place of publication, distribution, etc. Londone ;
-- New York, NY, U.S.A. :
Name of publisher, distributor, etc. Routledge,
Date of publication, distribution, etc. c1996.
300 ## - PHYSICAL DESCRIPTION
Extent xiii, 277 p. :
Other physical details ill. ;
Dimensions 22 x 30 cm.
600 00 - SUBJECT ADDED ENTRY--PERSONAL NAME
Personal name Le Corbusier,
Dates associated with a name 1887-1965.
9 (RLIN) 6731
906 ## - LOCAL DATA ELEMENT F, LDF (RLIN)
a 7
b cbc
c orignew
d 1
e ocip
f 19
g y-gencatlg
942 ## - ADDED ENTRY ELEMENTS (KOHA)
Source of classification or shelving scheme
Koha item type Book
Holdings
Withdrawn status Lost status Source of classification or shelving scheme Damaged status Not for loan Permanent Location Current Location Date acquired Total Checkouts Total Renewals Full call number Barcode Date last seen Date last checked out Copy number Cost, replacement price Price effective from Koha item type
          School of Art Design and Architecture (SADA) School of Art Design and Architecture (SADA) 07/18/2013 10 8 720.924 BAK 1996 SADA0002127 04/04/2016 02/22/2016 1 6433.13 07/23/2013 Book
© 2023 Central Library, National University of Sciences and Technology. All Rights Reserved.